000 01196nab a22002417a 4500
999 _c6574
_d6574
003 OSt
005 20260225102002.0
008 190506c xxu||||| |||| 00| 0 spa d
040 _cPJ
100 _97104
_aSánchez, María Verónica
245 1 0 _aNuevas formas de impulsar la generación de empleo. Empleos verdes. Futuro del trabajo /
_cMaría Verónica Sánchez.
260 _aBuenos Aires :
_bAbeledoPerrot,
_c2025.
300 _ap. 13-30
500 _aCita: TR LALEY AR/DOC/3180/2024.
505 _aSumario: I. Introducción.— II. Acuerdo de París.— III. Empleos verdes y transición justa.— IV. Alianza PAGE.— V. Profesiones verdes. Fuente e empleos verdes. Recursos renovables.— VI. Leyes nacionales en medio ambiente.— VII. Conclusión.— VIII. Bibliografía.
505 _t¿Te interesa el texto completo? Comunicate al correo: koha@justierradelfuego.gov.ar
650 0 _91316
_aDERECHO LABORAL
650 0 _91323
_aCONTRATO DE TRABAJO
650 0 _91803
_aRELACIONES LABORALES
650 0 _93254
_aRECURSOS NATURALES
773 0 _02751
_93202
_dBuenos Aires : AbeledoPerrot, 2013-
_tRevista de derecho laboral y seguridad social. Nº 2 - Enero 2025
942 _2udc
_cANA